Stotridsať rokov Spolku sv. Vojtecha

Bibliographic Details
Main Author: Hanakovič, Štefan, 1931-2020 (Author)
Format: Article
Language:Slovak

MARC

LEADER 00000nab a2200000 a 4500
001 vtls011102157
003 SK-MaSNL
005 20260303150042.0
008 230222|2000 xo |||||||||||||||||slo|
015 |a SNBRB 
035 |a (uuid)d39c4647-2016-4dd6-afe9-6b163ccbc7cb 
035 |a (urnnbn)urn:nbn:sk:snk:ar-007aon 
035 |a urn:nbn:sk:snk-ab98dz 
040 |a SNKBUCL  |b slo  |c SNKBUCL  |e AACR2 
041 0 |a slo 
044 |a xo  |c SK 
100 1 |a Hanakovič, Štefan,  |d 1931-2020  |4 aut  |9 199107 
245 1 0 |a Stotridsať rokov Spolku sv. Vojtecha  |c Štefan Hanakovič 
773 0 |t Studia Academica Slovaca : prednášky ... letnej školy slovenského jazyka a kultúry  |g Roč. 29, č. 29 (2000), s. 89-96 
954 |a odborná, vedecká literatúra pôvodná (slovenská)  |2 lita 
958 |a OND 
958 |a EUIPO 
958 |a article13 
999 |c 2007237  |d 2009167